| 000 | 01899nam a2200553 i 4500 | ||
|---|---|---|---|
| 001 | 6627 | ||
| 003 | KOSZ 005 | ||
| 005 | 20220422124839.0 | ||
| 008 | 970625s1994 pl a f f |000 0 pol | ||
| 015 | _aUWD 1994/8609 | ||
| 020 | _a8320808782 | ||
| 020 | _a8320809231 | ||
| 020 | _a8320809479 | ||
| 035 | _a991000326349705066 | ||
| 035 | _a(PL-WaBN)b10130378-48omnis_nlop | ||
| 035 | _ab10130378 | ||
| 035 | _a(OCoLC)833968260 | ||
| 035 | _azz2004949757 | ||
| 035 | _acc94202723 | ||
| 035 | _a(PL)b0000001013037 | ||
| 035 | _a(EXLNZ-48OMNIS_NETWORK)9910066017105606 | ||
| 040 |
_aWA N _cWA N _dKOSZ 005/HR |
||
| 041 | 1 |
_apol _heng |
|
| 046 | _k1988 | ||
| 080 | _a330 | ||
| 080 | _a(075.8) | ||
| 100 | 1 |
_aSmith, Peter _d(1947- ) _eAutor |
|
| 245 | 1 | 0 |
_aEkonomia. _n[T. 3, _pZbiór zadań] / _cPeter Smith, David Begg ; red. nauk. Zbigniew Matkowski ; tł. [z ang.] Bogusław Czarny [et al.]. |
| 246 | 1 |
_iTyt. oryg.: _aEconomics workbook, _f1988 |
|
| 260 |
_aWarszawa : _bPaństwowe Wydawncitwo Ekonomiczne, _c1994. |
||
| 300 |
_a479, [1] s. : _bwykr. ; _c24 cm. |
||
| 336 |
_aTekst _btxt _2rdacontent |
||
| 337 |
_aBez urządzenia pośredniczącego _bn _2rdamedia |
||
| 338 |
_aWolumin _bnc _2rdacarrier |
||
| 380 | _aKsiążki | ||
| 380 | _aPublikacje dydaktytczne | ||
| 385 |
_mPoziom nauczania _aSzkoły wyższe |
||
| 388 | _a1901-2000 | ||
| 650 | 7 |
_aEkonomia _2DBN |
|
| 655 | 7 |
_aPodręczniki akademickie _2DBN |
|
| 658 | _aGospodarka, ekonomia, finanse | ||
| 700 | 1 |
_aBegg, David K. H. _eAutor |
|
| 700 | 1 |
_aCzarny, Bogusław _d(1957- ) _eTłumaczenie |
|
| 700 | 1 |
_aMatkowski, Zbigniew _d(1941- ) _eRedakcja |
|
| 710 | 2 |
_aPolskie Wydawnictwo Ekonomiczne _4pbl |
|
| 856 |
_uhttp://koha.tu.koszalin.pl/cgi-bin/koha/opac-detail.pl?biblionumber=6627 _yKatalog online BPK |
||
| 942 |
_2UKD _cKS |
||
| 999 |
_c6627 _d6627 |
||